000 03460cam a2200385Ia 4500
999 _c1270
_d1270
001 .b12443384
003 OCoLC
005 20221227141819.0
008
020 _a9780439358071 (pbk.) :
020 _a0439358078 (pbk.) :
035 _a(OCoLC)56098238
040 _aNPL
_cNPL
_dOCLCQ
_dXY4
_dOCL
_dXY4
_dBAKER
_dUNA
_dOCLCQ
_dBTCTA
_dTW-KhWUC
_dKH8
041 0 _aeng
043 _ae-uk-en
044 _axxu
082 0 4 _aFIC ROW
100 1 _aRowling, J. K.
_eAUTHOR
245 1 0 _aHarry Potter and the Order of the Phoenix /
_cby J.K. Rowling.
260 _aNew York :
_bScholastic, Inc.,
_cc2003, (2004 printing)
300 _axv, 870 p. :
_bill. ;
_c20 cm.
440 _aHARRY POTTER
500 _aSequel to: Harry Potter and The Goblet of Fire.
505 0 _aDudley demented -- Peck of owls -- Advance guard -- Number twelve, Grimmauld Place -- Order of the Phoenix -- Noble and most ancient house of black -- Ministry of magic -- Hearing -- Woes of Mrs. Weasley -- Luna Lovegood -- Sorting hat's new song -- Professor Umbridge -- Detention with Dolores -- Percy and Padfoot -- Hogwarts high inquisitor - In the hog's head -- Educational decree number twenty-four -- Dumbledore's army -- Lion and the serpent -- Hagrid's tale -- Eye of the snake -- St. Mungo's hospital for magical maladies and injuries -- Christmas on the closed ward -- Occlumency -- Beetle at bay -- Seen and unforeseen -- Centaur and the sneak -- Snape's worst memory -- Career advice -- Grawp -- O.W.L.s -- Out of the fire -- Fight and flight -- Department of mysteries -- Beyond the veil -- Only one he ever feared -- Lost prophecy -- Second war begins.
520 _aHarry is in his fifth year at Hogwarts as the adventures continue. There is a door at the end of a silent corridor. And it's haunting Harry Potter's dreams. Why else would he be waking in the middle of the night, screaming in terror? Harry has a lot on his mind for this, his fifth year at Hogwarts: a defense against the dark arts teacher with a personality like poisoned honey; a big surprise on the Gryffindor Quidditch team; and the looming terror of the ordinary wizarding level exams. But all these things pale next to the growing threat of he-who-must-not-be-named-a threat that neither the magical government nor the authorities at Hogwarts can stop. As the grasp of darkness tightens, Harry must discover the true depth and strength of his friends, the importance of boundless loyalty, and the shocking price of unbearable sacrifice. His fate depends on them all. The book that took the world by storm. In his fifth year at Hogwart's, Harry faces challenges at every turn, from the dark threat of he-who-must-not-be-named and the unreliability of the government of the magical world to the rise of Ron Weasley as the keeper of the Gryffindor Quidditch Team. Along the way he learns about the strength of his friends, the fierceness of his enemies, and the meaning of sacrifice.
650 0 _aWizards
_vJuvenile fiction.
650 0 _aMagic
_vJuvenile fiction.
650 0 _aSchools
_vJuvenile fiction.
650 0 _aHogwarts School of Witchcraft and Wizardry (Imaginary place)
_vJuvenile fiction.
650 0 _aHogwarts School of witchcraft and Wizardry (Imaginary place)
_vFiction.
650 0 _aPotter, Harry (Fictitious character)
_vJuvenile fiction.
651 0 _aEngland
_vJuvenile fiction.
740 0 _aOrder of the Phoenix.
942 _2ddc
_cFIC